[Event "World Amateur-ch"]
[Site "Chalkidiki"]
[Date "2015.04.16"]
[Round "4"]
[White "Moldovan, Gheorghe Zamfir"]
[Black "Perez Reisler, Jose"]
[Result "1-0"]
[WhiteElo "1967"]
[BlackElo "1905"]
[PlyCount "119"]
[EventDate "2015.04.14"]
[EventType "team-swiss"]
[EventRounds "9"]
[EventCountry "GRE"]
[SourceTitle "CBM 166 Extra"]
[Source "ChessBase"]
[SourceDate "2015.06.18"]
[SourceVersion "1"]
[SourceVersionDate "2015.06.18"]
[SourceQuality "1"]

1. f4 c5 2. b3 Nf6 3. Nf3 g6 4. Bb2 Bg7 5. e3 0-0 6. Be2 d5 7. 0-0 Nc6 8. Qc1 Bf5 9. Nc3 a6 10. Nd1 Rc8 11. h3 Qd7 12. g4 Bxg4 13. hxg4 Qxg4+ 14. Kh1 Ne4 15. Rg1 Qh3+ 16. Nh2 Ng3+ 17. Rxg3 Qxg3 18. Bxg7 Kxg7 19. Nc3 Rcd8 20. Na4 c4 21. Qb2+ Kg8 22. Rg1 Qf2 23. Ng4 Qh4+ 24. Kg2 e5 25. Rh1 Qe7 26. fxe5 Qg5 27. Kf1 h5 28. Nf6+ Kh8 29. Nxh5 Qxe5 30. Nf4+ Kg7 31. Qxe5+ Nxe5 32. Nb6 cxb3 33. axb3 d4 34. e4 Rd6 35. Nc4 Nxc4 36. Bxc4 Rf6 37. Ke2 Rxf4 38. Kd3 Rf2 39. Rd1 g5 40. Kxd4 Rd8+ 41. Bd5 b6 42. b4 f5 43. c4 f4 44. Rg1 Kf6 45. d3 f3 46. Rg3 Kg6 47. Ke3 Rf1 48. d4 Kh5 49. Be6 Rf8 50. Bf5 Rxf5 51. exf5 g4 52. f6 Re1+ 53. Kf2 Re2+ 54. Kf1 Kh4 55. Rxg4+ Kxg4 56. f7 Kg3 57. f8Q Re4 58. Qg7+ Rg4 59. Qe5+ Kh3 60. Kf2 1-0

[Event "World Amateur-ch"]
[Site "Chalkidiki"]
[Date "2015.04.15"]
[Round "3"]
[White "Perez Reisler, Jose"]
[Black "Gomez, Carlos Alberto"]
[Result "0-1"]
[WhiteElo "1905"]
[BlackElo "1796"]
[PlyCount "74"]
[EventDate "2015.04.14"]
[EventType "team-swiss"]
[EventRounds "9"]
[EventCountry "GRE"]
[SourceTitle "CBM 166 Extra"]
[Source "ChessBase"]
[SourceDate "2015.06.18"]
[SourceVersion "1"]
[SourceVersionDate "2015.06.18"]
[SourceQuality "1"]

1. e4 c5 2. Nf3 d6 3. d4 cxd4 4. Nxd4 Nf6 5. Nc3 a6 6. Be3 e5 7. Nb3 Be6 8. f4 exf4 9. Bxf4 Nc6 10. h3 Be7 11. Qe2 0-0 12. 0-0-0 Qc7 13. g4 g6 14. Kb1 b5 15. Qh2 Rfd8 16. Be2 b4 17. Na4 Rac8 18. Nbc5 Ne5 19. Bxe5 dxe5 20. Rxd8+ Bxd8 21. Bxa6 Ra8 22. Bd3 Bxa2+ 23. Kc1 Ra5 24. Na6 Qa7 25. N4c5 Rxc5 26. Nxc5 Qxc5 27. Rf1 Be7 28. Qe2 Nd7 29. Qf3 Bg5+ 30. Kd1 Nf8 31. b3 Bxb3 32. h4 Bf4 33. h5 g5 34. h6 Ne6 35. Qh3 Nd4 36. Rxf4 Bxc2+ 37. Kd2 Qc3+ 0-1

[Event "Lienz op-B 18th"]
[Site "Lienz"]
[Date "2015.02.08"]
[Round "3"]
[White "Turian, Hans"]
[Black "Perez Reisler, Jose"]
[Result "1-0"]
[WhiteElo "1997"]
[BlackElo "1892"]
[PlyCount "81"]
[EventDate "2015.02.07"]
[EventType "swiss"]
[EventRounds "9"]
[EventCountry "AUT"]
[SourceTitle "CBM 165 Extra"]
[Source "ChessBase"]
[SourceDate "2015.04.21"]
[SourceVersion "1"]
[SourceVersionDate "2015.04.21"]
[SourceQuality "1"]

1. d4 d5 2. Bf4 Nf6 3. e3 Bf5 4. f3 e6 5. Bd3 Bg6 6. Bxg6 hxg6 7. Qd3 Nc6 8. Ne2 Bd6 9. Nbc3 a6 10. a3 Nh5 11. 0-0-0 Nxf4 12. exf4 Qf6 13. g3 0-0-0 14. Na4 Na5 15. Nc5 Nc4 16. Qb3 Bxc5 17. dxc5 c6 18. Nc3 Rh3 19. Na4 Rdh8 20. Nb6+ Nxb6 21. cxb6 Rxh2 22. Rxh2 Rxh2 23. Qb4 Qd8 24. Qd4 Qf8 25. Qe5 Qe7 26. Qxg7 c5 27. a4 Rg2 28. Rh1 Kd7 29. a5 c4 30. Kb1 Rxg3 31. Qc3 Qc5 32. Qf6 Rg1+ 33. Rxg1 Qxg1+ 34. Ka2 Ke8 35. Qe5 Qc5 36. Qb8+ Ke7 37. Qxb7+ Kf6 38. Qxa6 Qb4 39. b7 c3 40. Qb6 Qa4+ 41. Kb1 1-0

[Event "Gibraltar Masters 9th"]
[Site "Caleta"]
[Date "2011.02.03"]
[Round "10"]
[White "Helin, Mikael"]
[Black "Perez Reisler, Jose"]
[Result "1/2-1/2"]
[WhiteElo "1914"]
[BlackElo "1893"]
[PlyCount "97"]
[EventDate "2011.01.25"]
[EventType "swiss"]
[EventRounds "10"]
[EventCountry "GGB"]
[SourceTitle "CBM 141"]
[Source "ChessBase"]
[SourceDate "2011.03.17"]
[SourceVersion "1"]
[SourceVersionDate "2011.03.17"]
[SourceQuality "1"]

1. e4 d6 2. Nc3 g6 3. g3 Bg7 4. Bg2 c5 5. d3 Nc6 6. Rb1 e5 7. Be3 Nge7 8. Qd2 0-0 9. h4 h5 10. f3 Rb8 11. g4 hxg4 12. h5 gxh5 13. Rxh5 Ng6 14. Nd5 f5 15. Bg5 Qe8 16. exf5 Bxf5 17. fxg4 Bxg4 18. Nc7 Qd7 19. Bd5+ Rf7 20. Rh2 Nb4 21. Bb3 d5 22. Nxd5 Nxd5 23. Ne2 Rbf8 24. Ng3 Be6 25. Bh6 Rf3 26. Bxg7 Qxg7 27. Qg5 Ngf4 28. Ne4 Nxd3+ 29. Ke2 N3f4+ 30. Kd2 Nh3 31. Rxh3 Rxh3 32. Rg1 Rh2+ 33. Kc1 Rh7 34. Bxd5 Bxd5 35. Qe3 Bxe4 36. Rxg7+ Rxg7 37. Qxe4 Rd8 38. Qc4+ Rf7 39. c3 b6 40. Qe6 Kf8 41. Qxe5 Re8 42. Qh8+ Ke7 43. Qe5+ Kf8 44. Qh8+ Ke7 45. Qh6 Kd8 46. Qc6 Rd7 47. Qf6+ Kc8 48. Qf5 Kc7 49. Qf4+ 1/2-1/2

[Event "Gibraltar Masters 9th"]
[Site "Caleta"]
[Date "2011.02.01"]
[Round "8"]
[White "Dasaolu, Adeoye"]
[Black "Perez Reisler, Jose"]
[Result "1-0"]
[WhiteElo "2107"]
[BlackElo "1893"]
[PlyCount "103"]
[EventDate "2011.01.25"]
[EventType "swiss"]
[EventRounds "10"]
[EventCountry "GGB"]
[SourceTitle "CBM 141"]
[Source "ChessBase"]
[SourceDate "2011.03.17"]
[SourceVersion "1"]
[SourceVersionDate "2011.03.17"]
[SourceQuality "1"]

1. d4 Nf6 2. g3 d5 3. Bg2 g6 4. c4 c6 5. Nc3 Bg7 6. Nf3 0-0 7. 0-0 Ne4 8. Qb3 e6 9. Bf4 h6 10. Rfd1 g5 11. Be5 f6 12. Bxb8 Rxb8 13. e3 Kh8 14. Nxe4 dxe4 15. Nd2 f5 16. c5 Qe7 17. Nc4 e5 18. Nxe5 Bxe5 19. dxe5 Qxe5 20. Rd6 Kg7 21. Qa3 a6 22. Rad1 Be6 23. Qa5 Rf7 24. b3 Bd5 25. Qb6 Rbf8 26. R1xd5 cxd5 27. Rg6+ Kh8 28. Rxh6+ Kg8 29. Qg6+ Rg7 30. Qh5 Rgf7 31. Qxg5+ Rg7 32. Qh5 Rgf7 33. Bf1 Rc7 34. Qg6+ Rg7 35. Qd6 Re8 36. h4 f4 37. Qxe5 Rxe5 38. exf4 Rf5 39. Kh2 d4 40. Rd6 d3 41. b4 Kf8 42. Bh3 Rff7 43. Be6 Rc7 44. f5 Rge7 45. g4 Ke8 46. Kg2 Rc6 47. Rd4 b6 48. Rxe4 bxc5 49. bxc5 Rxc5 50. Rd4 Rc3 51. g5 Rb7 52. f6 1-0

[Event "Gibraltar Masters 8th"]
[Site "Caleta"]
[Date "2010.02.03"]
[Round "9"]
[White "Valhondo Morales, Ruben"]
[Black "Perez Reisler, Jose"]
[Result "1-0"]
[WhiteElo "1762"]
[BlackElo "2001"]
[PlyCount "51"]
[EventDate "2010.01.26"]
[EventType "swiss"]
[EventRounds "10"]
[EventCountry "GGB"]
[SourceTitle "CBM 134 Extra"]
[Source "ChessBase"]
[SourceDate "2010.03.03"]
[SourceVersion "1"]
[SourceVersionDate "2010.03.03"]
[SourceQuality "1"]

1. d4 Nf6 2. c4 e6 3. Nc3 c5 4. d5 d6 5. e4 g6 6. f4 exd5 7. cxd5 Bg7 8. Bb5+ Nfd7 9. a4 0-0 10. Nf3 a6 11. Be2 Re8 12. 0-0 Nf6 13. e5 dxe5 14. fxe5 Ng4 15. e6 fxe6 16. Ng5 Bd4+ 17. Kh1 Ne5 18. Nce4 Kg7 19. Nf6 exd5 20. Qd2 Ng4 21. Nxg4 Bxg4 22. Bxg4 Be3 23. Qc3+ d4 24. Qxc5 Nd7 25. Rf7+ Kg8 26. Rxd7 1-0

[Event "Gibraltar Masters 8th"]
[Site "Caleta"]
[Date "2010.01.28"]
[Round "3"]
[White "Notkevich, Benjamin Arvola"]
[Black "Perez Reisler, Jose"]
[Result "1-0"]
[WhiteElo "2218"]
[BlackElo "2001"]
[PlyCount "65"]
[EventDate "2010.01.26"]
[EventType "swiss"]
[EventRounds "10"]
[EventCountry "GGB"]
[SourceTitle "CBM 134 Extra"]
[Source "ChessBase"]
[SourceDate "2010.03.03"]
[SourceVersion "1"]
[SourceVersionDate "2010.03.03"]
[SourceQuality "1"]

1. Nf3 c5 2. e4 Nc6 3. d4 cxd4 4. Nxd4 Nf6 5. Nc3 e5 6. Ndb5 d6 7. Bg5 a6 8. Na3 b5 9. Nd5 Be7 10. Bxf6 Bxf6 11. c4 Rb8 12. cxb5 axb5 13. Nxb5 Qa5+ 14. Qd2 Qxd2+ 15. Kxd2 Bg5+ 16. f4 exf4 17. Nxd6+ Kf8 18. Kc3 Be6 19. Bb5 Ne7 20. Kc4 f5 21. Kc5 fxe4 22. Nc7 Bg4 23. h3 Bc8 24. Nxe4 Bh6 25. Rad1 Bb7 26. Rhe1 Nf5 27. Rd7 Ne3 28. Ne6+ Kg8 29. Rxe3 fxe3 30. Bc4 Rc8+ 31. Nc7+ Kf8 32. Rf7+ Kg8 33. Rf2+ 1-0

[Event "Gibraltar Masters 8th"]
[Site "Caleta"]
[Date "2010.01.27"]
[Round "2"]
[White "Perez Reisler, Jose"]
[Black "Meskovs, Nikita"]
[Result "0-1"]
[WhiteElo "2001"]
[BlackElo "2264"]
[PlyCount "98"]
[EventDate "2010.01.26"]
[EventType "swiss"]
[EventRounds "10"]
[EventCountry "GGB"]
[SourceTitle "CBM 134 Extra"]
[Source "ChessBase"]
[SourceDate "2010.03.03"]
[SourceVersion "1"]
[SourceVersionDate "2010.03.03"]
[SourceQuality "1"]

1. e4 c5 2. Nf3 e6 3. d4 cxd4 4. Nxd4 a6 5. Bd3 Qc7 6. Qe2 d6 7. 0-0 Nf6 8. c4 Nbd7 9. f4 Be7 10. Nc3 g6 11. Be3 b6 12. Rac1 Bb7 13. f5 gxf5 14. exf5 e5 15. Nd5 Bxd5 16. cxd5 Qb7 17. Nc6 Nxd5 18. Nxe7 Nxe7 19. Bh6 Nc5 20. f6 Nc6 21. Bg7 Nd4 22. Qd1 Nxd3 23. Qxd3 Rg8 24. Rfe1 Kd8 25. Qxh7 Re8 26. Rc4 Qd5 27. Qd3 b5 28. Rc3 Qxa2 29. Rec1 Qd5 30. Kh1 e4 31. Qh3 Ne6 32. Qe3 Nc5 33. b4 Nd7 34. Qa7 Qd1+ 35. Rxd1 Rxa7 36. Rxd6 Rc7 37. Rxc7 Kxc7 38. Rxa6 e3 39. Ra7+ Kd6 40. Ra6+ Kd5 41. Ra1 e2 42. Re1 Re4 43. Kg1 Ne5 44. h4 Nd3 45. Rxe2 Rxe2 46. h5 Nf4 47. h6 Rxg2+ 48. Kh1 Rg4 49. Kh2 Ke4 0-1